Mongolivaltakunnan maat kartalla - Statistics

Yleistilastot
  • Tätä visaa on pelattu 1 096 kertaa
  • Keskiarvotulos 25 / 28
Vastaukset kartalla
Vastauksille on annettu kartalla punavihreä väri sen mukaan, kuinka moni on saanut sen oikein.
 
Vastaustilastot
Valtio % Oikein
Mongolia
100%
Kiina
99%
Venäjä
99%
Kazakstan
98%
Iran
97%
Etelä-Korea
96%
Pohjois-Korea
96%
Irak
95%
Turkki
95%
Ukraina
95%
Pakistan
94%
Afganistan
93%
Valkovenäjä
93%
Uzbekistan
92%
Turkmenistan
91%
Moldova
90%
Romania
90%
Armenia
89%
Georgia
89%
Azerbaidžan
88%
Intia
88%
Kirgisia
85%
Tadžikistan
85%
Syyria
84%
Laos
83%
Vietnam
83%
Myanmar
80%
Puola
78%
Ehtoja vastaavia visoja ei löytynyt
Tulosjakauma
Jokaisen tuloksen saaneiden osuus
Persentiili vastausten määrän mukaan
Tuloshistoriasi
Et ole pelannut tätä visaa